[Event "Artek olJ"]
[Site "Artek"]
[Date "1999.09.11"]
[Round "2"]
[White "Gao Lu"]
[Black "Mamedyarov, Shahriar"]
[Result "1/2-1/2"]
[WhiteElo "2221"]
[BlackElo "2201"]

1.c4 Nf6 2.Nc3 g6 3.e4 d6 4.d4 Bg7 5.f3 O-O 6.Bg5 b6 7.Qd2 c5 8.d5 Nbd7 9.Nh3 a6
10.a4 Qc7 11.Be2 Nb8 12.Nf2 e5 13.O-O a5 14.Nd3 Ba6 15.b3 Nbd7 16.Bh6 Rae8
17.Rf2 Qd8 18.Raf1 Nh5 19.Bxg7 Kxg7 20.g4 Nhf6 21.h4 Ng8 22.h5 g5 23.Ne1 h6
24.Ng2 Ndf6 25.Qb2 Qd7 26.Ne3 Ne7 27.Rg2 Nh7 28.Bd1 f6 29.Bc2 Kh8 30.Ra1 Ra8
31.Bd3 Rab8 32.Rc2 Rfc8 33.Ne2 Rc7 34.Ng3 Qd8 35.Rf2 Bc8  1/2-1/2

[Event "Artek olJ"]
[Site "Artek"]
[Date "1999.09.15"]
[Round "5"]
[White "Pareshishvili, Giorgi"]
[Black "Mamedyarov, Shahriar"]
[Result "1-0"]
[WhiteElo "2272"]
[BlackElo "2201"]

1.e4 e5 2.Nf3 Nc6 3.Bb5 a6 4.Ba4 Nf6 5.Qe2 b5 6.Bb3 Bc5 7.c3 O-O 8.O-O d6
9.d3 h6 10.Rd1 Ba7 11.Be3 Be6 12.Bc2 Bxe3 13.Qxe3 Qe7 14.Nbd2 Rab8 15.d4 Bd7
16.Nf1 b4 17.d5 Ng4 18.Qe1 Na7 19.h3 Nf6 20.cxb4 Rfc8 21.Qe3 c5 22.bxc5 Rxc5
23.Bb3 a5 24.Rac1 Rbc8 25.Rxc5 Rxc5 26.Rd2 Qe8 27.Rc2 Rxc2 28.Bxc2 Qb8 29.Qc3 Nb5
30.Qc4 Na7 31.b3 Bb5 32.Qc3 Bxf1 33.Kxf1 Qb6 34.a4 Nd7 35.Nd2 Qb4 36.Qxb4 axb4
37.Bd1 Kf8 38.Bg4 Nc5 39.Ke2 Ke7 40.Kd1 Nd3 41.Be2 Nc5 42.Kc2 g6 43.h4 Kd8
44.Bg4 Ke7 45.f3 Kd8 46.Nc4 Ke7 47.Nb2 Kd8 48.Nd3 Na6 49.Nc1 Nc8 50.Bxc8 Kxc8
51.Kd3 f5 52.exf5 gxf5 53.Kc4 h5 54.Na2 Nc5 55.Nxb4 e4 56.Nc2 Kd7 57.fxe4 Nxe4
58.Ne3 f4 59.Nf5 Kc7 60.Nd4 Nd2+ 61.Kd3 Nf1 62.Ne6+ Kb6 63.Nxf4 Ng3 64.b4 Ka6
65.Kc4 Nf5 66.Nxh5 Nxh4 67.g4 Nf3 68.Nf6 Kb6 69.Kd3 Ng5 70.Ke3  1-0

[Event "Artek olJ"]
[Site "Artek"]
[Date "1999.09.16"]
[Round "6"]
[White "Mamedyarov, Shahriar"]
[Black "Szilagyi, Zsolt"]
[Result "1-0"]
[WhiteElo "2201"]
[BlackElo "2189"]

1.d4 Nf6 2.c4 c5 3.d5 b5 4.Nf3 b4 5.Bg5 d6 6.Nbd2 Nbd7 7.e4 g6 8.Be2 Bg7
9.h3 O-O 10.O-O Bb7 11.Qc2 Qc7 12.Nh2 Nb6 13.f4 e6 14.Rae1 Nfd7 15.f5 Rfe8
16.fxe6 fxe6 17.Ng4 Ne5 18.Nf6+ Bxf6 19.Rxf6 Nf7 20.Bh4 Nh8 21.dxe6 Qg7 22.Ref1 g5
23.Bg3 Bc8 24.Bg4 h5 25.Rf7 Qd4+ 26.Bf2 Qe5 27.Nf3 Nxf7 28.exf7+  1-0

[Event "Artek olJ"]
[Site "Artek"]
[Date "1999.09.19"]
[Round "8"]
[White "Mamedyarov, Shahriar"]
[Black "Moradiabadi, A."]
[Result "1-0"]
[WhiteElo "2201"]
[BlackElo "2094"]

1.d4 Nf6 2.Nf3 g6 3.c4 Bg7 4.g3 O-O 5.Bg2 d6 6.O-O Nc6 7.Nc3 a6 8.h3 Rb8
9.e4 e5 10.d5 Ne7 11.b4 b5 12.Nd2 bxc4 13.Ba3 c6 14.Rc1 cxd5 15.Nxd5 Nfxd5
16.exd5 Bh6 17.Rxc4 Bd7 18.Re1 Bb5 19.Rc3 Rc8 20.Rxc8 Nxc8 21.Bf1 Bxf1 22.Nxf1 Qd7
23.Bc1 Qxh3 24.Bxh6 Qxh6 25.Qe2 Ne7 26.Qxa6 Nf5 27.Qd3 Qh3 28.b5 Rb8 29.a4 Nd4
30.Nh2 f5 31.Qf1 Qh6 32.f4 e4 33.Qf2 Rc8 34.b6 Qg7 35.Rd1 Nb3 36.Nf1 Qb7
37.Rb1 Nc5 38.a5 Qxd5 39.Ne3 Qd3 40.Rd1 Qb5 41.Qa2+ Kg7 42.Qa1+ Kh6 43.Nxf5+ gxf5
44.Qf6+ Kh5 45.Qg5+  1-0

[Event "Wch U14"]
[Site "Oropesa del Mar"]
[Date "1999.10.25"]
[Round "2"]
[White "Mamedyarov, Shahriar"]
[Black "Hong, Jiarong"]
[Result "1-0"]
[WhiteElo "2201"]
[BlackElo "2141"]

1.d4 Nf6 2.Nf3 d6 3.Bf4 Nbd7 4.e3 g6 5.h3 Bg7 6.Bc4 O-O 7.O-O c5 8.c3 b6
9.Nbd2 Bb7 10.a4 a6 11.Bh2 Bc6 12.Qe2 Qc8 13.e4 Ne8 14.Rfe1 e5 15.dxe5 dxe5
16.Bd5 Nd6 17.Nc4 Nxc4 18.Qxc4 b5 19.Qe2 c4 20.Red1 h6 21.Qd2 Nc5 22.Nxe5 Nb3
23.Nxc6 Qd7 24.Qe3 Nxa1 25.Rxa1 Kh7 26.Nb4 a5 27.Bc6 Qd8 28.Nd5 b4 29.Bc7 Qc8
30.Bxa8 bxc3 31.bxc3 Qxa8 32.Qc5  1-0

[Event "Wch U14"]
[Site "Oropesa del Mar"]
[Date "1999.10.26"]
[Round "3"]
[White "Efimenko, Zahar"]
[Black "Mamedyarov, Shahriar"]
[Result "1/2-1/2"]
[WhiteElo "2332"]
[BlackElo "2201"]

1.e4 e5 2.Nf3 Nc6 3.Bb5 a6 4.Ba4 Nf6 5.O-O Nxe4 6.d4 b5 7.Bb3 d5 8.dxe5 Be6
9.Nbd2 Nc5 10.c3 Be7 11.Bc2 Bg4 12.Re1 d4 13.Nb3 d3 14.Bb1 Nxb3 15.axb3 Bf5
16.Be3 Bg6 17.Bd4 Nxd4 18.cxd4 Bb4 19.Re3 c5 20.Bxd3 cxd4 21.Nxd4 Bc5 22.Bxg6 hxg6
23.Rd3 Qb6 24.Qg4 Rd8 25.Rad1 O-O 26.Nf3 Rxd3 27.Rxd3 Rd8 28.Rxd8+ Qxd8 29.h4 Qd1+
30.Kh2 Qxb3 31.Qc8+ Bf8 32.Qxa6 Qxb2 33.e6 Qxf2 34.exf7+ Kxf7 35.Qxb5 Qc5
36.Qb3+ Kf6 37.Qb2+ Kf7 38.Qa2+ Ke7 39.Ng5 Qf5 40.Qa7+ Kd8 41.Qb8+ Ke7 42.Qb7+ Kd8
43.Qa8+ Kd7 44.Qa4+ Kd8 45.Qd4+ Ke8  1/2-1/2

[Event "Wch U14"]
[Site "Oropesa del Mar"]
[Date "1999.10.28"]
[Round "5"]
[White "Volokitin, Andrei"]
[Black "Mamedyarov, Shahriar"]
[Result "1-0"]
[WhiteElo "2307"]
[BlackElo "2201"]

1.e4 e5 2.Nf3 Nc6 3.Bb5 a6 4.Ba4 Nf6 5.O-O Nxe4 6.d4 b5 7.Bb3 d5 8.dxe5 Be6
9.Nbd2 Nc5 10.c3 Be7 11.Bc2 O-O 12.Nd4 Nxe5 13.Qh5 Ncd3 14.Qe2 Bg4 15.f3 Nf4
16.Qxe5 Bd6 17.Qe1 Re8 18.Qd1 Qh4 19.g3 Nh3+ 20.Kh1 Bxg3 21.fxg4 Re1 22.hxg3 Nf2+
23.Kg2 Qh3+ 24.Kxf2 Rxd1 25.Bxd1 Qh2+ 26.Kf3 c5 27.Ne2 Re8 28.Nf4 Re5 29.Nb3 Rh5
30.gxh5  1-0

[Event "Wch U14"]
[Site "Oropesa del Mar"]
[Date "1999.10.31"]
[Round "7"]
[White "Moreno, Alejandro2"]
[Black "Mamedyarov, Shahriar"]
[Result "1/2-1/2"]
[WhiteElo "2119"]
[BlackElo "2201"]

1.d4 Nf6 2.Nf3 g6 3.g3 Bg7 4.Bg2 O-O 5.O-O d6 6.b3 e5 7.dxe5 Ng4 8.Bb2 Nc6
9.c4 dxe5 10.Nc3 e4 11.Ne1 f5 12.Nc2 Be6 13.f3 exf3 14.exf3 Nge5 15.Qe2 Qd3
16.Qf2 f4 17.Rad1 Qf5 18.g4 Qf7 19.Ne4 Rfd8 20.Ba1 Qe7 21.Nd4 Nxd4 22.Bxd4 h6
23.Kh1 b6 24.Qb2 Rxd4 25.Qxd4 Nxg4 26.Qd2 Ne3 27.Rfe1 Nxd1 28.Rxd1 g5 29.Bh3 Rf8
30.Bxe6+ Qxe6 31.Kg2 Qe5 32.Qd5+ Qxd5 33.Rxd5 Rf7 34.h4 gxh4 35.Kh3 Bf6 36.Nxf6+ Rxf6
37.Kxh4 Rd6 38.Re5 Kf7 39.Re2 Rg6 40.Re4 Rg2 41.Rxf4+ Ke6 42.Re4+ Kf5 43.Re7 Rxa2
44.Rxc7 Ra3 45.b4 Ra4 46.b5 Kf4 47.Kh5 Kxf3 48.Kxh6 Ke4 49.c5 Ra5 50.c6 Rxb5
51.Rxa7 Rc5 52.c7 Kd5 53.Rb7 Rc6+ 54.Kg7 Kd6 55.Rxb6 Kxc7  1/2-1/2

[Event "Wch U14"]
[Site "Oropesa del Mar"]
[Date "1999.11.05"]
[Round "11"]
[White "Mamedyarov, Shahriar"]
[Black "Mamedov, Nidjat"]
[Result "1/2-1/2"]
[WhiteElo "2201"]
[BlackElo "2298"]

1.d4 Nf6 2.c4 g6 3.Nf3 Bg7 4.g3 O-O 5.Bg2 d6 6.O-O Nbd7 7.Nc3 e5 8.e4 c6
9.Qe2 Re8 10.h3 a5 11.Rd1 a4 12.Be3 Qe7 13.d5 c5 14.Nd2 a3 15.bxa3 Rf8 16.a4 Ne8  1/2-1/2

[Event "Open"]
[Site "Dubai UAE"]
[Date "2000.04.28"]
[Round "1"]
[White "Asrian,K"]
[Black "Mamedyarov,S"]
[Result "1-0"]
[WhiteElo "2572"]
[BlackElo "2201"]

1.e4 e5 2.Nf3 Nc6 3.Bb5 a6 4.Ba4 Nf6 5.O-O Nxe4 6.d4 b5 7.Bb3 d5 8.dxe5 Be6
9.Be3 Be7 10.c3 Nc5 11.Bc2 Nd7 12.Re1 Ncxe5 13.Nxe5 Nxe5 14.Bd4 Nc6 15.Bxg7 Rg8
16.Qh5 Kd7 17.Bh6 Bf8 18.Bxf8 Qxf8 19.Nd2 h6 20.Nf3 Qg7 21.g3 Qg4 22.Ne5+ Nxe5
23.Qxe5 Rg5 24.Qf6 Qh3 25.Re5 Rh5 26.Rxh5 Qxh5 27.Re1 Re8 28.h4 Bh3 29.Rxe8 Kxe8
30.f3 d4 31.g4 Bxg4 32.fxg4 Qxg4+ 33.Kf2 Qh3 34.Qe5+ Kf8 35.Qg3 Qe6 36.cxd4 Qxa2
37.Qa3+ Qxa3 38.bxa3 a5 39.Ke3 Ke7 40.Ke4 Kd6 41.Bb3 c5 42.dxc5+ Kxc5 43.Bxf7 b4
44.a4  1-0

[Event "Open"]
[Site "Dubai UAE"]
[Date "2000.04.29"]
[Round "2"]
[White "Mamedyarov,S"]
[Black "Dolmatov,S"]
[Result "1-0"]
[WhiteElo "2201"]
[BlackElo "2615"]

1.d4 Nf6 2.Nf3 g6 3.Bf4 Bg7 4.e3 O-O 5.h3 d6 6.Nbd2 c5 7.Bc4 d5 8.Be2 Qb6
9.Qc1 Nc6 10.c3 Bf5 11.O-O Rac8 12.g4 Be6 13.Qb1 h6 14.Bg3 Nd7 15.Nh4 cxd4
16.exd4 Na5 17.Ng2 Nf6 18.Be5 Nc4 19.Nxc4 dxc4 20.f4 Qc6 21.Ne3 Nd5 22.Bf3 Qd7
23.Bxg7 Kxg7 24.Qe4 Nxe3 25.Qxe3 Rcd8 26.Rae1 Rfe8 27.Qe5+ Kh7 28.Be4 Bd5
29.f5 Bxe4 30.Qxe4 gxf5 31.Rxf5 Kg7 32.Rxf7+ Kxf7 33.Qh7+ Kf6 34.Qxh6+ Kf7
35.Rf1+ Kg8 36.Qg6+  1-0

[Event "Open"]
[Site "Dubai UAE"]
[Date "2000.05.05"]
[Round "7"]
[White "Riazantsev,A"]
[Black "Mamedyarov,S"]
[Result "1/2-1/2"]
[WhiteElo "2442"]
[BlackElo "2201"]

1.d4 Nf6 2.c4 g6 3.Nc3 Bg7 4.e4 d6 5.f3 O-O 6.Be3 b6 7.Bd3 a6 8.Nge2 c5 9.O-O Nc6
10.Bc2 e5 11.dxe5 dxe5 12.Qxd8 Rxd8 13.Nd5 Nxd5 14.cxd5 Nd4 15.Bd3 Bd7 16.Nxd4 exd4
17.Bf4 Rdc8 18.b3 Bb5 19.Rfd1 f5 20.a4 Bxd3 21.Rxd3 b5 22.Re1 c4 23.bxc4 bxc4
24.Rdd1 Rd8 25.d6 g5 26.Bg3 f4 27.Bf2 c3 28.e5 c2 29.Rxd4 Rac8 30.Rc1 Bxe5
31.d7 Bxd4 32.dxc8=Q Bxf2+ 33.Kxf2 Rxc8 34.Ke2 Kf7 35.Kd3 Ke6 36.Rxc2 Rxc2
37.Kxc2 Kd5 38.Kd3 h5 39.g3 Ke5 40.a5 fxg3 41.hxg3 h4  1/2-1/2

[Event "34th Olympiad"]
[Site "Istanbul TUR"]
[Date "2000.11.07"]
[Round "10"]
[White "Mamedyarov,S"]
[Black "Smith,Ro"]
[Result "1/2-1/2"]
[WhiteElo "2301"]
[BlackElo "2270"]

1.d4 Nf6 2.Nf3 c5 3.d5 b5 4.c4 Bb7 5.Nc3 b4 6.Nb1 d6 7.Bf4 g6 8.Nbd2 Bg7
9.Qc2 Nbd7 10.e4 O-O 11.Bd3 Ng4 12.O-O a5 13.h3 Nge5 14.Be2 a4 15.Ne1 e6
16.Bg3 exd5 17.cxd5 Nb6 18.Rd1 Ba6 19.Bxa6 Rxa6 20.f4 Ned7 21.Nd3 Ra8 22.e5 dxe5
23.Nxe5 Nxe5 24.fxe5 Qxd5 25.Ne4 Qc4 26.Qb1 b3 27.axb3 axb3 28.Kh1 Qc2 29.Qxc2 bxc2
30.Rc1 Nc4 31.Nxc5 Nxb2 32.Rxc2 Rac8 33.Rxb2 Rxc5 34.Re2 Re8 35.Ref2 Bxe5
36.Bxe5 Rcxe5 37.Rxf7 Re1 38.Rf8+ Rxf8 39.Rxe1  1/2-1/2

[Event "34th Olympiad"]
[Site "Istanbul TUR"]
[Date "2000.11.10"]
[Round "13"]
[White "Mamedyarov,S"]
[Black "Karadeniz,E"]
[Result "1-0"]
[WhiteElo "2301"]
[BlackElo "2278"]

1.d4 d6 2.c4 e5 3.Nf3 e4 4.Nfd2 f5 5.Nc3 Nf6 6.e3 c6 7.b4 Be6 8.Be2 d5 9.Qb3 Be7
10.b5 O-O 11.O-O Nbd7 12.Ba3 Rc8 13.Rab1 Kh8 14.Qa4 c5 15.cxd5 Nb6 16.Qa5 cxd4
17.dxe6 dxc3 18.Nb3 Nfd5 19.Rbd1 Qe8 20.Qxa7 Ra8 21.Qxb7 Bxa3 22.Rxd5 Rb8
23.Qa7 Nxd5 24.Qxa3 Qxe6 25.Nd4 Qh6 26.Nc6 Ra8 27.Qc5 Nf6 28.Ne5 f4 29.b6 g5
30.Qxc3 Qg7 31.Qb3 Ng8 32.Nc6 Qb7 33.Na5 Qg7 34.Qb4 f3 35.Bb5 fxg2 36.Kxg2 Qf6
37.Be2 Qf5 38.Nc6 Rxa2 39.Nd4 Qf6 40.b7 Rb8 41.Rc1 Qg7 42.Nf5 Rxb7 43.Qd6 Rxe2
44.Nxg7 Rf7 45.Nh5 Rfxf2+ 46.Kh1  1-0

[Event "Open"]
[Site "Batumi GEO"]
[Date "2001.06.26"]
[Round "1"]
[White "Mamedyarov,S"]
[Black "Mamedjarova,Z"]
[Result "1-0"]
[WhiteElo "2522"]
[BlackElo "2226"]

1.e4 d6 2.d4 Nf6 3.Nc3 g6 4.f3 Bg7 5.Be3 O-O 6.Qd2 Re8 7.O-O-O c6 8.g4 b5
9.h4 Qa5 10.Kb1 b4 11.Nce2 Be6 12.Nc1 c5 13.d5 Bd7 14.h5 Bb5 15.Bxb5 Qxb5
16.hxg6 fxg6 17.Nge2 Rf8 18.Nf4 Rf7 19.Qh2 Nbd7 20.g5 Nh5 21.Nxh5 gxh5 22.Qxh5 Nf8
23.f4 Qc4 24.Qf3 a5 25.f5 a4 26.g6 hxg6 27.Bh6 a3 28.Bxg7 Rxg7 29.b3 Qc3
30.Qxc3 bxc3 31.Ne2 Nd7 32.Nxc3 gxf5 33.exf5 Rf8 34.Rhf1 Rg5 35.Nb5 Rgxf5
36.Rxf5 Rxf5 37.Nxa3 Nf6 38.c4 Ne4  1-0

[Event "Open"]
[Site "Batumi GEO"]
[Date "2001.06.29"]
[Round "4"]
[White "Lomineishvili,M"]
[Black "Mamedyarov,S"]
[Result "1/2-1/2"]
[WhiteElo "2437"]
[BlackElo "2522"]

1.d4 Nf6 2.c4 g6 3.g3 Bg7 4.Bg2 O-O 5.Nc3 d6 6.Nf3 Nc6 7.O-O a6 8.e4 Bg4
9.Be3 Nd7 10.Qd2 Bxf3 11.Bxf3 e5 12.d5 Nd4 13.Bg2 c5 14.dxc6 bxc6 15.f4 Qa5
16.Kh1 Qb4 17.b3 a5 18.f5 Rfe8 19.Rac1 Nc5 20.f6 Bf8 21.Bh6 Kh8 22.Rce1 a4
23.g4 Nce6 24.Nxa4 Qxd2 25.Bxd2 g5 26.h4 h6 27.Rf5 Kh7 28.Re3 Nf4 29.hxg5 hxg5
30.Re1 Nxf5 31.exf5 d5 32.cxd5 cxd5 33.Bxf4 exf4 34.Rxe8 Rxe8 35.Bxd5 Kg8
36.Nc3 Re5 37.Bb7 Re3 38.Ne4 f3 39.Kg1 Re2  1/2-1/2

[Event "Open"]
[Site "Batumi GEO"]
[Date "2001.07.02"]
[Round "6"]
[White "Zatonskih,A"]
[Black "Mamedyarov,S"]
[Result "0-1"]
[WhiteElo "2421"]
[BlackElo "2522"]

1.e4 e5 2.Nf3 Nf6 3.Nxe5 d6 4.Nf3 Nxe4 5.d4 d5 6.Bd3 Bd6 7.O-O O-O 8.c4 c6
9.Re1 Bg4 10.cxd5 cxd5 11.Nbd2 Nxd2 12.Bxd2 Nc6 13.h3 Bh5 14.Bc3 Qf6 15.a3 Rae8
16.Rxe8 Rxe8 17.Bc2 Qf4 18.Qd2 Bxf3 19.Qxf4 Bxf4 20.gxf3 g6 21.Kf1 Kf8 22.Bb3 Rd8
23.Ke2 Bc7 24.Ba2 Rd7 25.Kd3 Nd8 26.Bb4+ Kg7 27.Bd2 Ne6 28.b4 h5 29.a4 f5
30.Rc1 Kf6 31.a5 Bf4 32.Be3 Bxe3 33.fxe3 f4 34.a6 fxe3 35.Kxe3 bxa6 36.Rc6 g5
37.Rxa6 h4 38.Bb3 Kf7 39.Bc2 Nf4 40.Bf5 Rb7 41.Bg4 Ke8 42.Kd2 Rxb4 43.Ra2 Rxd4+
44.Kc3 Rc4+ 45.Kb3 Rc5 46.Rxa7 Kf8 47.Ka4 Ke8 48.Kb3 Nd3 49.Rg7 d4 50.Rd7 Rc3+
51.Ka2 Rc4 52.Kb3 Ne5 53.Rd5 Rc3+ 54.Kb2 Nd3+ 55.Kb1 Rc1+ 56.Ka2 Nb4+ 57.Kb2 Nxd5
58.Kxc1 Ke7 59.Kc2 Kd6 60.Kd3 Ke5 61.Bc8 Ne3 62.Bd7 Nd1 63.Kd2 Nc3 64.Kd3 Nd5
65.Bc8 Ne3 66.Bd7 Nf5 67.Bc8 Kf4 68.Bd7 Ke5 69.Bc8 Kf4 70.Bd7 Ng3 71.Kxd4 Ne2+
72.Kd3 Ng1 73.Bg4 Kg3 74.Ke3 Nxh3 75.Bxh3 Kxh3 76.Kf2 Kh2  0-1

[Event "Open"]
[Site "Batumi GEO"]
[Date "2001.07.03"]
[Round "7"]
[White "Mamedyarov,S"]
[Black "Izoria,Z"]
[Result "1/2-1/2"]
[WhiteElo "2522"]
[BlackElo "2489"]

1.d4 g6 2.Nf3 Bg7 3.c4 d6 4.g3 c5 5.Bg2 Nc6 6.d5 Na5 7.Nbd2 a6 8.Rb1 Nf6
9.Qc2 b5 10.b3 Rb8 11.O-O O-O 12.e4 e5 13.dxe6 Bxe6 14.cxb5 axb5 15.Bb2 Nc6
16.a3 Qe7 17.Rbc1 Rfc8 18.Rfe1 c4 19.b4 Qa7 20.Nb1 d5 21.exd5 Bxd5 22.Bc3 Bxf3
23.Bxf3 Nd4 24.Bxd4 Qxd4 25.Rcd1 Qa7 26.Kg2 h5 27.h4 Ng4 28.Rd5 Rd8 29.Rxd8+ Rxd8
30.Rd1 Rxd1 31.Bxd1 Bd4 32.Bxg4 hxg4 33.Qe4 c3 34.Qc6 c2 35.Qxc2 Qa8+ 36.Kf1 Qh1+
37.Ke2 Qf3+ 38.Ke1 Qh1+ 39.Ke2 Qg1 40.Qc8+ Kh7 41.Qxg4 Qxf2+ 42.Kd3 Qe3+  1/2-1/2

[Event "Open"]
[Site "Batumi GEO"]
[Date "2001.07.04"]
[Round "8"]
[White "Mamedyarov,S"]
[Black "Supatashvili,K"]
[Result "1/2-1/2"]
[WhiteElo "2522"]
[BlackElo "2469"]

1.d4 Nf6 2.Nf3 e6 3.g3 b5 4.Bg2 Bb7 5.O-O Be7 6.Qd3 a6 7.Nbd2 d5 8.a3 Nbd7
9.b4 Nb6 10.Nb3 Nc4 11.Nc5 Bc6 12.Qc3 Nd7 13.Nxd7 Bxd7 14.e4 c6 15.Ne5 O-O
16.Nxc4 bxc4 17.Bd2 f5 18.exf5 exf5 19.Bf4 Bf6 20.Rae1 Re8 21.Rxe8+ Qxe8
22.Re1 Qf8 23.Be5 Re8 24.Bxf6 Rxe1+ 25.Qxe1 Qxf6 26.Qd2 f4 27.Qxf4 Qxf4 28.gxf4 Kf7
29.f3 Bf5 30.c3 h5 31.h4 Ke7  1/2-1/2

[Event "Open"]
[Site "Batumi GEO"]
[Date "2001.07.05"]
[Round "9"]
[White "Mchedlishvili,M"]
[Black "Mamedyarov,S"]
[Result "1/2-1/2"]
[WhiteElo "2416"]
[BlackElo "2522"]

1.d4 Nf6 2.c4 g6 3.g3 Bg7 4.Bg2 O-O 5.Nf3 d6 6.O-O Nc6 7.Nc3 Bf5 8.b3 Ne4
9.Bb2 Nxc3 10.Bxc3 Be4 11.Qd2 d5 12.Rfd1 e6 13.Rac1 Qd7 14.e3 Rad8 15.Qe2 Qe7
16.Bh3 dxc4 17.bxc4 Bxf3 18.Qxf3 e5 19.dxe5 Bxe5 20.Be1 Qa3 21.Qe2 Rxd1 22.Rxd1 Rd8
23.Rxd8+ Nxd8 24.Qc2 Nc6 25.Bg2 Nb4 26.Qb3 Qxb3 27.axb3 Nd3 28.Bd2 b6 29.Be4 Nc5
30.Bc2 a5 31.Kg2 f5 32.f4 Bf6 33.Kf3 Kf7 34.g4 Ke6 35.b4 axb4 36.Bxb4 Be7
37.Be1 Bf6 38.h4 Bg7 39.h5 Bf6 40.g5 Bb2 41.h6 Ba1 42.Bb4 Bb2 43.Bxc5 bxc5
44.Ba4 Kf7 45.Bc6 Kg8 46.e4 fxe4+  1/2-1/2

[Event "EYCC B16"]
[Site "Halkidiki GRE"]
[Date "2001.09.08"]
[Round "8"]
[White "Inarkiev,E"]
[Black "Mamedyarov,S"]
[Result "1/2-1/2"]
[WhiteElo "2484"]
[BlackElo "2493"]

1.d4 Nf6 2.c4 g6 3.Nc3 d5 4.cxd5 Nxd5 5.e4 Nxc3 6.bxc3 Bg7 7.Nf3 c5 8.Bb5+ Nc6
9.O-O cxd4 10.cxd4 O-O 11.Be3 Bg4 12.Bxc6 bxc6 13.Rc1 Qa5 14.Qe2 Rfd8 15.Rc5 Qa4
16.Rc4 Qb5 17.Qc2 Bxf3 18.gxf3 Qh5 19.Kg2 e5 20.Rc5 Rxd4 21.Bxd4 Qg5+ 22.Kh1 Qf4
23.Kg2 Qg5+ 24.Kh1 Qf4 25.Qe2 exd4 26.e5 Re8 27.Qe4 Bxe5 28.Qxf4 Bxf4 29.Rd1 Rd8
30.Rd3 Rd6 31.Ra5 Rd7 32.Rc5 Rd6 33.Kg2 g5 34.Ra5 Rd7 35.Rc5 Rd6 36.h3 Kf8
37.Ra5 Ke7 38.Kf1 Ke6 39.Ke2 Rd5 40.Rxa7 c5 41.Ra6+ Bd6 42.Ra4 Re5+ 43.Kd2 Kd5
44.Rb3 c4 45.Rb5+ Bc5 46.Raa5 Kc6 47.a4 f6 48.Ra6+ Kc7 49.Raa5  1/2-1/2

[Event "WYB16"]
[Site "Oropesa del Mar ESP"]
[Date "2001.10.21"]
[Round "1"]
[White "Miller,E"]
[Black "Mamedyarov,S"]
[Result "1/2-1/2"]
[WhiteElo "2153"]
[BlackElo "2503"]

1.e4 e5 2.Nf3 Nc6 3.d4 exd4 4.Bc4 Nf6 5.O-O Nxe4 6.Re1 d5 7.Bxd5 Qxd5 8.Nc3 Qa5
9.Nxe4 Be6 10.Neg5 O-O-O 11.Nxe6 fxe6 12.Rxe6 Bd6 13.Bg5 Rde8 14.Qe1 Rxe6
15.Qxe6+ Kb8 16.Bh4 a6 17.Rd1 Qb5 18.b3 Qc5 19.Qe4 Qh5 20.Re1 Rf8 21.Bg3 Bxg3
22.hxg3 Rd8 23.Rd1 Re8 24.Qd3 Re6 25.Re1 Rxe1+ 26.Nxe1 g6 27.Nf3 Qc5 28.Qe4 b5
29.Ng5 Nb4 30.Qe8+ Ka7 31.Ne6 Qd6 32.Qc8 Nxc2 33.Nxc7 Nb4 34.Qa8+ Kb6  1/2-1/2

[Event "WYB16"]
[Site "Oropesa del Mar ESP"]
[Date "2001.10.26"]
[Round "6"]
[White "Mamedyarov,S"]
[Black "Llobel Cortell,E"]
[Result "0-1"]
[WhiteElo "2503"]
[BlackElo "2376"]

1.d4 Nf6 2.c4 g6 3.Nf3 Bg7 4.g3 O-O 5.Bg2 d6 6.O-O Nbd7 7.Nc3 e5 8.Qc2 exd4
9.Nxd4 Re8 10.Rd1 c6 11.e4 a5 12.f3 Qc7 13.Be3 Nc5 14.Rd2 Bd7 15.Rad1 Rad8
16.Bf2 Bc8 17.h3 h5 18.Nb3 Bh6 19.Re2 b6 20.Nd4 Bb7 21.Rde1 Rd7 22.a3 Rde7
23.b4 axb4 24.axb4 Na6 25.Qb1 c5 26.Ndb5 Qb8 27.bxc5 dxc5 28.Qa1 Bg7 29.Qd1 Rd8
30.Nd5 Nxd5 31.cxd5 Nc7 32.Qb1 Red7 33.Na3 Ba6 34.Ra2 Ne8 35.Nb5 Qc8 36.f4 Nd6
37.Nxd6 Rxd6 38.e5 Rxd5 39.Bxd5 Rxd5 40.Qxb6 Bd3 41.Ra7 Qxh3 42.e6 Be4 43.exf7+ Kh7
44.f8=N+ Kh6 45.Qxg6+ Bxg6 46.f5 Bd4 47.Re3 Rxf5  0-1

[Event "EuTCh"]
[Site "Leon ESP"]
[Date "2001.11.10"]
[Round "5"]
[White "Bischoff,K"]
[Black "Mamedyarov,S"]
[Result "1-0"]
[WhiteElo "2541"]
[BlackElo "2503"]

1.c4 e5 2.Nc3 Nc6 3.g3 g6 4.Bg2 Bg7 5.e4 d6 6.Nge2 Nge7 7.d3 O-O 8.O-O Bg4
9.f3 Be6 10.Nd5 f5 11.Be3 Qd7 12.Qd2 Rf7 13.Rad1 Raf8 14.b3 Nc8 15.Kh1 Nd8
16.Ndc3 c5 17.exf5 Bxf5 18.g4 Be6 19.Ne4 Ne7 20.Ng5 Rf6 21.Ne4 R6f7 22.Ng5 Rf6
23.h3 Nec6 24.f4 Nd4 25.Nc3 exf4 26.Bxd4 cxd4 27.Nd5 Bxd5 28.Bxd5+ Kh8 29.Ne4 g5
30.Nxf6 Bxf6 31.Rde1 Kg7 32.Qe2 Rh8 33.Kg2 Nc6 34.Bxc6 Qxc6+ 35.Qf3 Qxf3+
36.Kxf3 h5 37.Rh1 a5 38.Ke4 b6 39.Kf5 h4 40.Ke4 Re8+ 41.Kd5 Re3 42.Rxe3 dxe3
43.d4 Kf7 44.Rb1 Ke7 45.a3 Kd7 46.b4 a4 47.Ke4 Kc6 48.b5+ Kc7 49.Kd3 Kb7
50.Rb4 Bg7 51.d5 Be5 52.Rxa4 Bd4 53.Ke2 Bc3 54.Ra6 Ba5 55.a4 Bb4 56.Kf3 Bc3
57.Ke2 Bb4 58.Kd3 Ba5 59.Ke2 Bb4 60.Kf3 Bc3 61.c5 dxc5 62.d6 Ba5 63.Ra8  1-0

[Event "Aeroflot Open"]
[Site "Moscow RUS"]
[Date "2002.02.07"]
[Round "4"]
[White "Avrukh,B"]
[Black "Mamedyarov,S"]
[Result "0-1"]
[WhiteElo "2591"]
[BlackElo "2522"]

1.Nf3 Nf6 2.c4 g6 3.Nc3 d5 4.cxd5 Nxd5 5.Qb3 Nb6 6.d4 Bg7 7.Bg5 O-O 8.Rd1 c6
9.e3 Be6 10.Qc2 a5 11.Be2 Na6 12.O-O f5 13.Bf4 Nb4 14.Qb1 N6d5 15.Be5 Bf6
16.Na4 Nb6 17.Nc5 Bxa2 18.Qc1 Qd5 19.Nxb7 Bc4 20.Bxc4 Nxc4 21.Bf4 Ra7 22.Nc5 Nxb2
23.Qxb2 Qxc5 24.Rc1 Qb5 25.Qa3 Rd8 26.Rc5 Qa6 27.Rfc1 Rd5 28.R5c4 Rb5 29.Ne5 Bxe5
30.Bxe5 Qb7 31.h4 Qd7 32.h5 Qe6 33.hxg6 hxg6 34.Qa4 Rab7 35.Qd1  0-1

[Event "Aeroflot Open"]
[Site "Moscow RUS"]
[Date "2002.02.09"]
[Round "8"]
[White "Dolmatov,S"]
[Black "Mamedyarov,S"]
[Result "1/2-1/2"]
[WhiteElo "2588"]
[BlackElo "2522"]

1.e4 e5 2.Nf3 Nf6 3.d4 Nxe4 4.Bd3 d5 5.Nxe5 Nd7 6.Nc3 Nxc3 7.bxc3 Nxe5 8.dxe5 Be7
9.Qh5 Be6 10.f4 g6 11.Qf3 f5 12.exf6 Bxf6 13.O-O O-O 14.Ba3 Bxc3 15.Rad1 Bd4+
16.Kh1 c5 17.c3 Qa5 18.cxd4 Qxa3 19.Bf5 Qa6 20.Bxe6+ Qxe6 21.dxc5 Rad8 22.Rfe1 Qc6
23.Re7 Rd7 24.Rxd7 Qxd7 25.Rxd5 Qa4 26.f5 Qxa2 27.h3 Rxf5 28.Rd8+ Kg7 29.Qxb7+ Kh6
30.Qe4 Qa1+ 31.Kh2 Qe5+ 32.Qxe5 Rxe5 33.Rc8 a5 34.Kg3 a4 35.Kf4 Re1 36.Ra8 Rc1  1/2-1/2

[Event "Open"]
[Site "Dubai UAE"]
[Date "2002.04.25"]
[Round "9"]
[White "Mamedyarov,S"]
[Black "Sturua,Z"]
[Result "1/2-1/2"]
[WhiteElo "2542"]
[BlackElo "2565"]

1.d4 Nf6 2.Nc3 d5 3.Bg5 Nbd7 4.Nf3 g6 5.e3 Bg7 6.Bd3 O-O 7.O-O c5 8.Re1 b6
9.e4 dxe4 10.Nxe4 Bb7 11.c3 Rc8 12.Qe2 h6 13.Bxf6 Nxf6 14.dxc5 Bxe4 15.Bxe4 Rxc5
16.Rad1 Qc8 17.Bc2 e6 18.Bb3 Re8  1/2-1/2

[Event "3rd IECC"]
[Site "Batumi GEO"]
[Date "2002.06.17"]
[Round "6"]
[White "Mamedyarov,S"]
[Black "Gurevich,M"]
[Result "1/2-1/2"]
[WhiteElo "2542"]
[BlackElo "2641"]

1.d4 d5 2.c4 c6 3.Nf3 Nf6 4.e3 Bg4 5.Qb3 Qb6 6.Ne5 Bf5 7.cxd5 Qxb3 8.axb3 Nxd5
9.Na3 f6 10.Bd3 Bxd3 11.Nxd3 e6 12.Ke2 Na6 13.Bd2 Be7 14.Rhc1 O-O-O 15.Nc4  1/2-1/2

[Event "3rd IECC"]
[Site "Batumi GEO"]
[Date "2002.06.22"]
[Round "10"]
[White "Mamedyarov,S"]
[Black "Gagunashvili,M"]
[Result "1/2-1/2"]
[WhiteElo "2542"]
[BlackElo "2472"]

1.d4 d5 2.Nc3 Nf6 3.Bg5 Nbd7 4.Nf3 g6 5.e3 Bg7 6.Bd3 O-O 7.O-O c5 8.Re1 b6
9.e4 dxe4 10.Nxe4 cxd4 11.Nxd4 Bb7 12.c3 h6 13.Bh4 Nxe4 14.Bxe4 Bxe4 15.Rxe4 Nf6
16.Re1 e6 17.Qa4 a6 18.Rad1 b5 19.Qc2 Qb6 20.Bg3 Rac8 21.Be5 Rfd8 22.Rd3 Rd5
23.Qd2 Rcd8 24.Qe2 Nh5 25.Re3  1/2-1/2

[Event "EuJun"]
[Site "Baku AZE"]
[Date "2002.07.21"]
[Round "8"]
[White "Gashimov,V"]
[Black "Mamedyarov,S"]
[Result "1/2-1/2"]
[WhiteElo "2470"]
[BlackElo "2542"]

1.e4 e5 2.Nf3 Nc6 3.Nc3 Nf6 4.d4 exd4 5.Nxd4 Bb4 6.Nxc6 bxc6 7.Bd3 d5 8.exd5 cxd5
9.O-O O-O 10.Bg5 c6 11.Na4 Bd6 12.c4 Rb8 13.Qf3 h6 14.Bxf6 Qxf6 15.Qxf6 gxf6
16.cxd5 cxd5 17.b3 Be6 18.Rac1 Rfc8 19.Ba6 Rxc1 20.Rxc1 Rb4 21.Rd1 f5 22.Nc3 d4
23.Ne2 Be5 24.f4 Bc7 25.Kf1 Bb6 26.Bd3 a5 27.Ng3 a4 28.Bxf5 axb3 29.Bxe6 fxe6
30.axb3 Rxb3 31.Ne4  1/2-1/2

[Event "EuJun"]
[Site "Baku AZE"]
[Date "2002.07.22"]
[Round "9"]
[White "Mamedyarov,S"]
[Black "Mastrovasilis,D"]
[Result "1/2-1/2"]
[WhiteElo "2542"]
[BlackElo "2462"]

1.d4 d5 2.Nc3 Nf6 3.Bg5 Nbd7 4.Nf3 c6 5.Qd3 Qa5 6.Bd2 Qc7 7.e4 dxe4 8.Nxe4 Nxe4
9.Qxe4 Nf6 10.Qe5 Qxe5+ 11.dxe5 Nd5 12.c4 Nc7 13.h3 Bf5 14.O-O-O e6 15.Be3 Na6
16.Bd3 Bc5 17.Bxf5 Bxe3+ 18.fxe3 exf5 19.Rd6 Rd8 20.Rhd1 Rxd6 21.Rxd6 Ke7
22.Kc2 g6 23.a3 h6 24.b4 c5 25.Kb3 Rd8 26.Rd5 b6 27.Ne1 cxb4 28.axb4 Nc7
29.Rxd8 Kxd8 30.Nd3 Kd7 31.b5 a6 32.bxa6 Nxa6 33.Nf4 Kc6 34.Nd3 Nc5+ 35.Kc3 b5
36.Nb4+ Kb6 37.Nd5+ Kc6 38.Nb4+ Kb6 39.Nd5+ Kc6 40.Nb4+  1/2-1/2

[Event "EuJun"]
[Site "Baku AZE"]
[Date "2002.07.23"]
[Round "10"]
[White "Riazantsev,A"]
[Black "Mamedyarov,S"]
[Result "1/2-1/2"]
[WhiteElo "2537"]
[BlackElo "2542"]

1.d4 e6 2.c4 b6 3.Nf3 Bb7 4.a3 f5 5.Nc3 Nf6 6.d5 Na6 7.g3 Nc5 8.Bg2 Nce4
9.dxe6 dxe6 10.Qa4+ Qd7 11.Qxd7+ Kxd7 12.Nxe4 Bxe4 13.Ne5+ Ke8 14.Bxe4 Nxe4
15.Be3 Bd6 16.Nd3 a5 17.f3 Nf6 18.c5 bxc5 19.Bxc5 e5 20.Rc1 Kd7 21.Kf2 e4
22.Nf4 g5 23.Ng2 Rab8 24.Bd4  1/2-1/2